Batman Family Members - Statistics

General Stats
  • This quiz has been taken 1,222 times
  • The average score is 9 of 17
Answer Stats
Hint Answer % Correct
Batman Bruce Wayne
99%
1st Robin/Nightwing Dick Grayson
94%
2nd Robin/Red Hood Jason Todd
92%
Catwoman Selina Kyle
91%
1st Batgirl/Oracle Barbara Gordon
88%
3rd Robin/Red Robin Tim Drake
87%
5th Robin Damian Wayne
82%
3rd Batgirl/4th Robin Stephanie Brown
54%
2nd Batgirl/Black Bat Cassandra Cain
53%
2nd Batwoman Kate Kane
44%
Alternate Future Batman Terry McGinnis
38%
1st Batgirl Claimant/Huntress Helena Bertinelli
23%
Bat-Girl/Flamebird Bette Kane
19%
1st Batwoman Kathy Kane
18%
Alternate Female Robin/Catgirl Carrie Kelly
17%
2nd Batgirl Claimant/Misfit Charlotte-Gage Radcliffe
2%
Proxy Wendy Harris
1%
No matching quizzes found
Score Distribution
Percent of People with Each Score
Percentile by Number Answered
Your Score History
You have not taken this quiz